<?xml version="1.0" encoding="UTF-8"?>
<record
    xmlns:xsi="http://www.w3.org/2001/XMLSchema-instance"
    xsi:schemaLocation="http://www.loc.gov/MARC21/slim http://www.loc.gov/standards/marcxml/schema/MARC21slim.xsd"
    xmlns="http://www.loc.gov/MARC21/slim">

  <leader>01496cam a2200253 a 4500</leader>
  <controlfield tag="001"> 951079</controlfield>
  <controlfield tag="003">DO-SdBNP</controlfield>
  <controlfield tag="005">20180402111123.0</controlfield>
  <controlfield tag="007"> 951079</controlfield>
  <controlfield tag="008">020930s2015   dr a          000 1 spa  </controlfield>
  <datafield tag="010" ind1=" " ind2=" ">
    <subfield code="a"> </subfield>
  </datafield>
  <datafield tag="020" ind1=" " ind2=" ">
    <subfield code="a">9789945897203</subfield>
  </datafield>
  <datafield tag="040" ind1=" " ind2=" ">
    <subfield code="a">BPMSU</subfield>
    <subfield code="c">spa</subfield>
    <subfield code="b">BPMSU</subfield>
  </datafield>
  <datafield tag="050" ind1="0" ind2="0">
    <subfield code="a"> </subfield>
    <subfield code="b"> </subfield>
  </datafield>
  <datafield tag="245" ind1="0" ind2="0">
    <subfield code="a"> Concurso de Cuentos Juan Pablo Duarte padre fundador de la Rep&#xFA;blica Dominicana /</subfield>
    <subfield code="b"> </subfield>
  </datafield>
  <datafield tag="246" ind1="3" ind2=" ">
    <subfield code="a">Concurso de Cuentos</subfield>
  </datafield>
  <datafield tag="260" ind1=" " ind2=" ">
    <subfield code="a">Santo Domingo :</subfield>
    <subfield code="b">Instituto Superior de Formaci&#xF3;n Docente Salom&#xE9; Ure&#xF1;a </subfield>
    <subfield code="c"> 2015</subfield>
  </datafield>
  <datafield tag="300" ind1=" " ind2=" ">
    <subfield code="a">120 p. :</subfield>
    <subfield code="b">il. ;</subfield>
    <subfield code="c">30 cm.</subfield>
  </datafield>
  <datafield tag="505" ind1="0" ind2=" ">
    <subfield code="t">Presentaci&#xF3;n --</subfield>
    <subfield code="t">Valoraci&#xF3;n de los miembros del jurado, </subfield>
    <subfield code="t">Cuentos ganadores del primer, segundo y tercer lugar </subfield>
    <subfield code="t">Primer lugar  : Sorprendido </subfield>
    <subfield code="r">Jonnathan Sentele Fafa   </subfield>
    <subfield code="t">Segungo lugar : Amante de la libertad por la naturaleza /</subfield>
    <subfield code="r">Jos&#xE9; Feliciano cruz Rojas </subfield>
    <subfield code="t">Tercer lugar : El espaldarazo /</subfield>
    <subfield code="r">Rayniel Almonte Berihuete --</subfield>
    <subfield code="t">Otros cuentos seleccionados ganadores en menciones de honor </subfield>
    <subfield code="t">Comprometido con la patria /</subfield>
    <subfield code="r">&#xC1;ngela M. Adon Cruz </subfield>
    <subfield code="t">La novia de la libertad /</subfield>
    <subfield code="r">Mileysis J. Medina R. </subfield>
    <subfield code="t">Coraz&#xF3;n y patria /</subfield>
    <subfield code="r">Mairenie Ruiz Esca&#xF1;o --</subfield>
    <subfield code="t">Duarte es mi vocaci&#xF3;n /</subfield>
    <subfield code="r">Yermi Francisca Garc&#xED;a Aguil&#xF3;--</subfield>
    <subfield code="t">Profec&#xED;a de un hombre extraordinario /</subfield>
    <subfield code="r">Dionisio V&#xF3;lquez P&#xE9;rez </subfield>
    <subfield code="t">Longevidad de los sue&#xF1;os /</subfield>
    <subfield code="r">Eury A. Rodr&#xED;guez </subfield>
    <subfield code="a"> </subfield>
  </datafield>
  <datafield tag="710" ind1=" " ind2=" ">
    <subfield code="a">Instituto Superior de Formaci&#xF3;n Docente Salom&#xE9; Ure&#xF1;a </subfield>
  </datafield>
  <datafield tag="942" ind1=" " ind2=" ">
    <subfield code="2">ddc</subfield>
    <subfield code="c">BK</subfield>
  </datafield>
  <datafield tag="945" ind1=" " ind2=" ">
    <subfield code="a">inventariado, 2018 / dg</subfield>
  </datafield>
  <datafield tag="952" ind1=" " ind2=" ">
    <subfield code="0">0</subfield>
    <subfield code="1">0</subfield>
    <subfield code="2">ddc</subfield>
    <subfield code="4">0</subfield>
    <subfield code="7">0</subfield>
    <subfield code="a">BPMET</subfield>
    <subfield code="b">BPMET</subfield>
    <subfield code="d">2016-06-14</subfield>
    <subfield code="e">Donado por ISFDSU</subfield>
    <subfield code="l">0</subfield>
    <subfield code="p">BPMSU16060180</subfield>
    <subfield code="r">2016-06-14</subfield>
    <subfield code="w">2016-06-14</subfield>
    <subfield code="y">BK</subfield>
  </datafield>
  <datafield tag="952" ind1=" " ind2=" ">
    <subfield code="0">0</subfield>
    <subfield code="1">0</subfield>
    <subfield code="2">ddc</subfield>
    <subfield code="4">0</subfield>
    <subfield code="7">0</subfield>
    <subfield code="a">BPMET</subfield>
    <subfield code="b">BPMET</subfield>
    <subfield code="d">2016-06-14</subfield>
    <subfield code="e">Donado por ISFDSU</subfield>
    <subfield code="l">0</subfield>
    <subfield code="p">BPMSU16060181</subfield>
    <subfield code="r">2016-06-14</subfield>
    <subfield code="t">ej. 2</subfield>
    <subfield code="w">2016-06-14</subfield>
    <subfield code="y">BK</subfield>
  </datafield>
  <datafield tag="952" ind1=" " ind2=" ">
    <subfield code="0">0</subfield>
    <subfield code="1">0</subfield>
    <subfield code="2">ddc</subfield>
    <subfield code="4">0</subfield>
    <subfield code="7">0</subfield>
    <subfield code="a">BPMET</subfield>
    <subfield code="b">BPMET</subfield>
    <subfield code="d">2016-06-14</subfield>
    <subfield code="e">Donado por ISFDSU</subfield>
    <subfield code="l">0</subfield>
    <subfield code="p">BPMSU16060182</subfield>
    <subfield code="r">2016-06-14</subfield>
    <subfield code="t">ej. 3</subfield>
    <subfield code="w">2016-06-14</subfield>
    <subfield code="y">BK</subfield>
  </datafield>
  <datafield tag="956" ind1=" " ind2=" ">
    <subfield code="a">VMATEO</subfield>
    <subfield code="b">10</subfield>
    <subfield code="c">20160614</subfield>
    <subfield code="d">BPMSU</subfield>
    <subfield code="f">0069</subfield>
  </datafield>
  <datafield tag="999" ind1=" " ind2=" ">
    <subfield code="c">10377</subfield>
    <subfield code="d">10377</subfield>
  </datafield>
</record>
